000 01038nam a2200313Ia 4500
003 OSt
005 20221007124253.0
006 a|||||r|||| 00| 0
007 ta
008 221006b |||||||| |||| 00| 0 eng d
020 _a9783540938095 (pbk)
024 _a127596
037 _b534, 28/03/2011, Aviva Books Company
_cTextbook
040 _aCDL
_cCDL
_beng
041 _2eng
_aeng
082 _aE5, P0;P9 Carc
100 _aPretsch Erno
_9718807
245 0 _aStructure determination of organic compounds:tables of spectral data
_b Buhlmann Philippe Badertscher Martin
250 _a4
260 _aBerlin
_bSpringer
_c2009
300 _axv, 433p.
_ccm.
500 _aIndex 421-433p.
650 _a Organic compounds
650 _aChemistry
700 _a Badertscher Martin
_9718808
700 _a Buhlmann Philippe
_9718809
942 _hE5, P0;P9 Carc
_cTB
_2CC
999 _c1213282
_d1213282